00617nam a22001575i 450000100060000000300090000600700030001500800410001804000200005910000350007924501760011426000800029030000220037050500450039285200220043753715ES-MaACLt|960704s1877 sp ||||1| spa d aCAM bspa cCAM1 aFernández Elías, Clemente.10aHistoria del derecho y de su desenvolvimiento en España ó Introducción á los códigos españoles / cconcordados y comentados por Clemete Fernández Elías ... aMadrid : b[s.n.], c1877 (fEstablecimientos tipográficos de M. Minuesa) a288 p. ; c15 cm.8 aContiene: Primera época: Romana y Goda aES-MaACLjG-10992